00580nam a2200169 a 450000500170000000800410001702000140005805000300007210000290010224500570013126000400018830000220022865000130025094200120026399900170027595201180029220140310183348.0070329s19uu xx 00 eng d a044023719 aPS 3552.R2147b.B799 2001 aBradford, Barbara Taylor aThe Triumph of Katie Byrne.cBarbara Taylor Bradford aNew York :bDell Publishing,c2001. a336 p. :c17 cm.  aFiction. cBK2lcc c21989d21989 00102lcc40aCLbCLcFICd2007-03-29l0oPS 3552.R2147 .B799 2001pC8291r2018-05-08 00:00:00t1w2013-10-10yBK